Get the Picture: Coke or Pepsi Quiz Stats

 Plays Quiz Updated Nov 13, 2019

Score 0/12 Timer 02:00
1 Play Today
Question Answer Wrong Answers
The original formula of this product contained cocaine. Coke
92%
Pepsi
3.7%
Around the winter holidays, these characters make appearances in commercials for this brand. Coke
91.4%
Pepsi
6.3%
The formula for this product was invented in 1886 in Atlanta, Georgia. Coke
90.9%
Pepsi
8.8%
Michael Jackson's hair caught on fire while filming a commercial for this product in 1984. Pepsi
90.8%
Coke
8.8%
In 1985, this product changed its formula (only to later change it back). Known as one of the biggest foul-ups in PR history. Coke
90.6%
Pepsi
7.4%
Arby's, KFC, and Taco Bell are fast food chains that use products of this brand. Pepsi
83.5%
Coke
13.9%
The original bottle for this product was shaped like a cocoa bean. Coke
77.4%
Pepsi
19.4%
Mountain Dew, Mug Root Beer, and Sierra Mist are brands of soda pop distributed by this company. Pepsi
72.4%
Coke
26.2%
The Denver Nuggets and Avalanche play their home games in a stadium named after this product. Pepsi
71.5%
Coke
24.5%
This young lady was the face of this product's commercials in the 1990s. Pepsi
64.2%
Coke
35.1%
This character was a popular spokesperson for this brand in the 1980s. Coke
41.4%
Pepsi
55.6%
In 1974, this product became the first American product to be manufactured, marketed, and sold in the Soviet Union. Pepsi
30.9%
Coke
65.7%

Today's Daily Dose

Missing Word
#1 Hits of 2012

Get the Picture
British Snacks

You're not logged in!

Compare scores with friends on all Sporcle quizzes.
OR
Log In

Sporcle TV

Today on Sporcle TV


Watch our educational content, quiz creation guides, and fun videos on Sporcle TV.

Show Comments

Extras

Top Quizzes Today


Score Distribution

Your Account Isn't Verified!

In order to create a playlist on Sporcle, you need to verify the email address you used during registration. Go to your Sporcle Settings to finish the process.

Report this User

Report this user for behavior that violates our Community Guidelines.

Details: